Using Field- Effect Transistors / (Record no. 190600)
[ view plain ]
| 000 -LEADER | |
|---|---|
| fixed length control field | 00623 a2200169 4500 |
| 003 - CONTROL NUMBER IDENTIFIER | |
| control field | Nust |
| 005 - DATE AND TIME OF LATEST TRANSACTION | |
| control field | 20221129183942.0 |
| 040 ## - CATALOGING SOURCE | |
| Transcribing agency | Nust |
| 082 ## - DEWEY DECIMAL CLASSIFICATION NUMBER | |
| Classification number | 621.83151,SHA |
| 100 ## - MAIN ENTRY--PERSONAL NAME | |
| Personal name | M . C . Sharma |
| 9 (RLIN) | 103803 |
| 245 ## - TITLE STATEMENT | |
| Title | Using Field- Effect Transistors / |
| Statement of responsibility, etc. | M . C . Sharma |
| 260 ## - PUBLICATION, DISTRIBUTION, ETC. | |
| Place of publication, distribution, etc. | Dehli |
| Name of publisher, distributor, etc. | BPB Publictions |
| Date of publication, distribution, etc. | 1992 |
| 300 ## - PHYSICAL DESCRIPTION | |
| Extent | 55p |
| 505 ## - FORMATTED CONTENTS NOTE | |
| Formatted contents note | FET Characteristics (Page-1), MOSFETS (Page-6), Amplifiers (Page-16), Oscillators (Page-22), FET as a Switch (Page-25), FET as A Constant Current Source (Page-28), FET as a Voltage Controlled Resistoy (Page-29). |
| 650 ## - SUBJECT ADDED ENTRY--TOPICAL TERM | |
| Topical term or geographic name entry element | Telecommunication Engineering |
| 942 ## - ADDED ENTRY ELEMENTS (KOHA) | |
| Source of classification or shelving scheme | |
| Koha item type | Book |
| Withdrawn status | Lost status | Source of classification or shelving scheme | Damaged status | Not for loan | Permanent Location | Current Location | Shelving location | Date acquired | Full call number | Barcode | Date last seen | Price effective from | Koha item type | Public note |
|---|---|---|---|---|---|---|---|---|---|---|---|---|---|---|
| Military College of Signals (MCS) | Military College of Signals (MCS) | General Stacks | 12/12/2016 | 621.38151,SHA | MCS32369 | 12/08/2016 | 12/12/2016 | Book | Almirah No.33, Shelf No.3 |
